Statistics for mcdonalds foods

Click here to take the quiz!

General Stats

  • This quiz has been taken 550 times
  • The average score is 7 of 10

Answer Stats

HintAnswer% Correct
bigmac
98%
happymeal
93%
hashbrown
88%
quarterpounder
85%
hot fudgesundae
71%
orangejuice
69%
chickennuggets
66%
shamrockshake
57%
smallfry
27%
fruitparfait
16%

Score Distribution

Percentile by Number Answered

Percent of People with Each Score

Your Score History

You have not taken this quiz